Normal view
MARC view
- HUTCHINS, ROBERT M
Entry Personal Name
001 - CONTROL NUMBER
- control field: 76481
003 - CONTROL NUMBER IDENTIFIER
- control field: NUST
005 - DATE AND TIME OF LATEST TRANSACTION
- control field: 20210628205646.0
008 - FIXED-LENGTH DATA ELEMENTS
- fixed length control field: 210628|| aca||aabn | a|a d
040 ## - CATALOGING SOURCE
- Original cataloging agency: NUST
- Transcribing agency: NUST
100 ## - HEADING--PERSONAL NAME
- Personal name: HUTCHINS, ROBERT M
670 ## - SOURCE DATA FOUND
- Source citation: Work cat.: (NUST): HUTCHINS, ROBERT M, THE WORKS OF ARISTOTLE VOLUME -1, VOLUME -2, 1952
